Le statue della dea Sekhmet /

محفوظ في:

المؤلف الرئيسي: Connor, Simon, 1987- (مؤلف)

مؤلف مشترك: Museo egizio di Torino.

التنسيق: كتاب

اللغة: Italian

منشور في: Torino : Foundazione Museo delle antichita egizio di Torino, 2017.

سلاسل: Sguardi.

الموضوعات:

الوسوم: إضافة وسم

لا توجد وسوم, كن أول من يضع وسما على هذه التسجيلة!

رقم الطلب: NB75 .C57

LEADER 00989namaa2200277 4500
003 OSt
005 20200715104004.0
008 130303s2017 it a e b 000 0 ita d
952 |0 0  |1 0  |2 lcc  |4 0  |6 NB0075 C57  |7 1  |9 3874  |a ARCE  |b ARCE  |d 2020-07-15  |l 0  |o NB75 .C57  |p 1003710  |r 2020-07-15 00:00:00  |w 2020-07-15  |y BK 
999 |c 6903  |d 6903 
020 |a 9788857012605 
050 0 4 |a NB75 .C57 
100 1 |a Connor, Simon,  |d 1987-  |e author 
245 1 0 |a Le statue della dea Sekhmet /  |c Simon Connor. 
264 1 |a Torino :  |b Foundazione Museo delle antichita egizio di Torino,  |c 2017. 
300 |a 64 pages :  |b illustrations (chiefly color) ;  |c 18 cm. 
336 |a text  |b txt  |2 rdacontent 
337 |a unmediated  |b n  |2 rdamedia 
338 |a volume  |b nc  |2 rdacarrier 
490 0 |a Sguardi. 
504 |a Bibliography : pages 63-64. 
650 0 |a Sculpture, Egyptian  |z Egypt  |z Thebes (Extinct city) 
650 0 |a Sekhmet (Egyptian deity)  |9 3764 
710 2 |a Museo egizio di Torino. 
901 |a reviewed 
942 |c BK  |2 lcc